|
|
|
|
| LEADER |
00888cam a2200229 a 4500 |
| 001 |
0000139254 |
| 005 |
20140902090000.0 |
| 040 |
|
|
|a mod
|
| 041 |
|
|
|a eng
|
| 020 |
0 |
0 |
|a 9780786474127
|
| 090 |
0 |
0 |
|a 355.1342
|b BOR
|e 2013
|
| 100 |
1 |
0 |
|a Borch
|h Frederic L.
|y 1954
|
| 245 |
1 |
0 |
|a Medals for soldiers and airmen
|b awards and decorations of the United States Army and Air Force
|c Fred L. Borch III
|f foreword by Malcolm J. Howard
|
| 260 |
0 |
0 |
|a Jefferson, North Carolina
|b McFarland & Company, Inc.
|c 2013
|
| 300 |
0 |
0 |
|a v, 194 p.
|b ill.
|c 26 cm
|
| 504 |
0 |
0 |
|a Includes bibliographical references and index
|
| 610 |
0 |
0 |
|a United States. Army
|x Medals, badges, decorations, etc
|
| 610 |
0 |
0 |
|a United States. Air Force
|x Medals, badges, decorations, etc
|
| 650 |
0 |
0 |
|a Military decorations
|z United States.
|
| 700 |
1 |
1 |
|a Howard
|h Malcolm J
|
| 852 |
0 |
0 |
|a 01
|
| 999 |
|
|
|a 0293837
|b KTD
|d BOOKS
|e Umum
|f KTD
|j AVAILABLE
|q GOOD CONDITION
|